000
00316 a2200157 4500
001
177825
020
_a
040
_c
Magnum
100
_a
Jose, Elias
240
1
0
_a
Toda sorte de magia
_l
por
245
1
0
_a
Toda sorte de magia
362
0
_a
1899
440
1
_a
LĂȘ
697
_a
MAGNITO: J/FICCAO
942
_c
BK
999
_c
177825
_d
177825